Sports Quiz

Random Sports or NCAA Quiz

BCS Bowl Game Coaches Quiz Stats

Quiz not verified by Sporcle

Challenge
Share
Tweet
Embed
Score 0/68 Timer 07:00
0 Plays Today
Year (Bowl Game) Coach % Correct
2012 (BCS National Championship Game)Nick Saban
98.6%
2012 (Rose Bowl)Chip Kelly
98.6%
2010 (BCS National Championship Game)Nick Saban
98.1%
2009 (Sugar Bowl)Nick Saban
98.1%
2010 (Sugar Bowl)Urban Meyer
97.8%
2009 (BCS National Championship Game)Urban Meyer
97.8%
2007 (BCS National Championship Game)Urban Meyer
97.8%
2009 (Rose Bowl)Pete Carroll
97.3%
2008 (Rose Bowl)Pete Carroll
97.3%
2007 (Rose Bowl)Pete Carroll
97.3%
2006 (Rose Bowl/National Championship)Pete Carroll
97.3%
2010 (BCS National Championship Game)Mack Brown
96.8%
2009 (Fiesta Bowl)Mack Brown
96.8%
2006 (Rose Bowl/National Championship)Mack Brown
96.8%
2007 (Rose Bowl)Lloyd Carr
96.5%
2012 (BCS National Championship Game)Les Miles
95.8%
2009 (Rose Bowl)Joe Paterno
95.7%
2006 (Orange Bowl)Joe Paterno
95.7%
2010 (Rose Bowl)Jim Tressel
95.4%
2009 (Fiesta Bowl)Jim Tressel
95.4%
2008 (BCS National Championship Game)Jim Tressel
95.4%
2007 (BCS National Championship Game)Jim Tressel
95.4%
2006 (Fiesta Bowl)Jim Tressel
95.4%
2009 (BCS National Championship Game)Bob Stoops
95.1%
2008 (Fiesta Bowl)Bob Stoops
95.1%
2007 (Fiesta Bowl)Bob Stoops
95.1%
2008 (BCS National Championship Game)Les Miles
93.8%
2007 (Sugar Bowl)Les Miles
93.8%
2012 (Sugar Bowl)Frank Beamer
93.1%
2006 (Sugar Bowl)Rich Rodriguez
92.2%
2012 (Sugar Bowl)Brady Hoke
91.7%
2006 (Orange Bowl)Bobby Bowden
91.6%
2007 (Sugar Bowl)Charlie Weis
91.4%
2006 (Fiesta Bowl)Charlie Weis
91.4%
Year (Bowl Game) Coach % Correct
2012 (Orange Bowl)Dabo Swinney
90.3%
2009 (Orange Bowl)Brian Kelly
90%
2010 (Rose Bowl)Chip Kelly
89.2%
2012 (Fiesta Bowl)Mike Gundy
88.9%
2009 (Orange Bowl)Frank Beamer
88.1%
2008 (Orange Bowl)Frank Beamer
88.1%
2008 (Sugar Bowl)Mark Richt
84.9%
2006 (Sugar Bowl)Mark Richt
84.9%
2012 (Fiesta Bowl)David Shaw
84.7%
2012 (Rose Bowl)Bret Bielema
83.3%
2008 (Sugar Bowl)June Jones
82.5%
2010 (Fiesta Bowl)Chris Petersen
81.9%
2007 (Fiesta Bowl)Chris Petersen
81.9%
2012 (Orange Bowl)Dana Holgorsen
81.9%
2008 (Orange Bowl)Mark Mangino
81.7%
2010 (Orange Bowl)Kirk Ferentz
79.5%
2007 (Orange Bowl)Bobby Petrino
78.7%
2008 (Rose Bowl)Ron Zook
78.2%
2010 (Orange Bowl)Paul Johnson
77.9%
2010 (Fiesta Bowl)Gary Patterson
60.4%
2008 (Fiesta Bowl)Bill Stewart (interim)
59.8%
2007 (Orange Bowl)Jim Grobe
47.4%
2009 (Sugar Bowl)Kyle Whittingham
45.6%
2011 (Fiesta Bowl)Bob Stoops
34.5%
2011 (BCS National Championship Game)Chip Kelly
34.2%
2011 (Sugar Bowl)Jim Tressel
34.2%
2011 (Orange Bowl)Frank Beamer
33.4%
2011 (Orange Bowl)Jim Harbaugh
32.9%
2011 (Sugar Bowl)Bobby Petrino
32.3%
2011 (Rose Bowl)Gary Patterson
29.6%
2011 (BCS National Championship Game)Gene Chizik
28.8%
2011 (Rose Bowl)Bret Bielema
28.3%
2011 (Fiesta Bowl)Randy Edsall
24.3%
2010 (Sugar Bowl)Jeff Quinn (interim)
12.1%

You're not logged in!

Compare scores with friends on all Sporcle quizzes.
Sign Up with Email
OR
Log In

You Might Also Like...

Show Comments

Extras

Top Quizzes Today


Score Distribution

Your Account Isn't Verified!

In order to create a playlist on Sporcle, you need to verify the email address you used during registration. Go to your Sporcle Settings to finish the process.